000
00322 a2200157 4500
001
161652
020
_a
040
_c
Magnum
100
_a
Rocha, Ruth
240
1
0
_a
Joaozinho e o pe de feijao
_l
por
245
1
0
_a
Joaozinho e o pe de feijao
362
0
_a
1899
440
1
_a
FTD
697
_a
IJ/CONTOS
942
_c
BK
999
_c
161652
_d
161652